Domaines du spectre électromagnétique - Statistiques

Statistiques générales
  • Ce quiz a été pris 14 853 fois
  • Le résultat moyen est 5 sur 7
Statistiques - réponses
Longueurs d'onde Domaine % Correct
10 nm — 380 nm Ultraviolet
94%
750 nm — 1 mm Infrarouge
90%
380 nm — 750 nm Visible
75%
5 pm — 10 nm Rayon X
59%
< 5 pm Gamma
58%
> 1 m Radio
55%
1 mm — 1 m Micro-ondes
39%
Aucun quiz correspondant
Distribution des résultats
% des personnes avec chaque résultat
Percentile par nombre de réponses
Votre historique - résultats
Vous n’avez pas pris ce quiz